[Event "Lovfalds EMT 20th E"]
[Site "Ringsted"]
[Date "2006.09.17"]
[Round "4"]
[White "Jorgensen, Alexander Torp"]
[Black "Suadicani, Stefan"]
[Result "0-1"]
[WhiteElo "1051"]
[BlackElo "1037"]
[PlyCount "64"]
[EventDate "2006.09.15"]
[EventType "swiss"]
[EventRounds "5"]
[EventCountry "DEN"]
[SourceTitle "EXT 2023"]
[Source "ChessBase"]
[SourceDate "2022.10.05"]
[SourceVersion "1"]
[SourceVersionDate "2022.10.05"]
[SourceQuality "1"]

1. d4 d5 2. Bf4 c5 3. e3 Bf5 4. dxc5 e6 5. Bb5+ Nc6 6. g4 Bg6 7. h4 h5 8. f3 Bxc5 9. Bxc6+ bxc6 10. a3 Qb6 11. Kf2 d4 12. e4 hxg4 13. fxg4 Bxe4 14. Rh3 d3+ 15. Be3 dxc2 16. Qc1 cxb1Q 17. Rxb1 Bxb1 18. Qxb1 Nf6 19. g5 Bxe3+ 20. Rxe3 Ng4+ 21. Kf3 Qxe3+ 22. Kxg4 f5+ 23. gxf6 gxf6 24. Qg6+ Kd7 25. Nf3 Rhg8 26. h5 Qe4+ 27. Kg3 Rxg6+ 28. hxg6 Rg8 29. Nh4 Qe1+ 30. Kg4 f5+ 31. Kg5 Qg3+ 32. Kh5 Rh8# 0-1

[Event "Lovfalds EMT 18th E"]
[Site "Ringsted"]
[Date "2004.09.19"]
[Round "5"]
[White "Gregor, Bjarke"]
[Black "Suadicani, Stefan"]
[Result "0-1"]
[WhiteElo "1100"]
[BlackElo "1100"]
[PlyCount "120"]
[EventDate "2004.09.17"]
[EventType "swiss"]
[EventRounds "7"]
[EventCountry "DEN"]
[SourceTitle "EXT 2023"]
[Source "ChessBase"]
[SourceDate "2022.10.05"]
[SourceVersion "1"]
[SourceVersionDate "2022.10.05"]
[SourceQuality "1"]

1. e4 e6 2. d4 d5 3. Nd2 c5 4. c3 Nc6 5. Bb5 Nge7 6. Ngf3 Qb6 7. Ba4 Bd7 8. 0-0 0-0-0 9. dxc5 Qxc5 10. Ng5 Ne5 11. Bxd7+ Rxd7 12. b4 Qxc3 13. Nb3 dxe4 14. Qe2 Qd3 15. Qxe4 Qxe4 16. Nxe4 N7g6 17. f4 Ng4 18. h3 Nf6 19. Nxf6 gxf6 20. Bb2 Bxb4 21. Bxf6 Re8 22. Rac1+ Rc7 23. Rxc7+ Kxc7 24. Be5+ Nxe5 25. fxe5 Re7 26. Nc1 Kc6 27. Nd3 Ba5 28. Rd1 Bb6+ 29. Kf1 Kd5 30. Nb2+ Kxe5 31. Nc4+ Kf5 32. Nxb6 axb6 33. Rb1 e5 34. Rxb6 e4 35. Ke2 Kf4 36. Rb3 e3 37. a4 Kg3 38. Rxe3+ Rxe3+ 39. Kxe3 Kxg2 40. Kf4 Kxh3 41. Ke5 Kg4 42. Kd6 h5 43. Kc7 h4 44. Kxb7 h3 45. a5 h2 46. a6 h1Q+ 47. Kb8 Qb1+ 48. Kc7 Qc2+ 49. Kb6 Qb3+ 50. Ka5 Qb8 51. Ka4 Kf4 52. a7 Qxa7+ 53. Kb4 Ke4 54. Kc3 Qf2 55. Kc4 Qc2+ 56. Kb5 Kd5 57. Kb4 Qb2+ 58. Ka5 Kc5 59. Ka6 Qb8 60. Ka5 Qb5# 0-1